| 000 -LEADER | |
|---|---|
| fixed length control field | 00506nam a22001697a 4500 |
| 005 - DATE AND TIME OF LATEST TRANSACTION | |
| control field | 20230130155622.0 |
| 008 - FIXED-LENGTH DATA ELEMENTS--GENERAL INFORMATION | |
| fixed length control field | 160521b xxu||||| |||| 00| 0 eng d |
| 020 ## - INTERNATIONAL STANDARD BOOK NUMBER | |
| ISBN | 81-203-2186-3 |
| 041 ## - LANGUAGE CODE | |
| Language code of text/sound track or separate title | eng |
| 082 ## - DEWEY DECIMAL CLASSIFICATION NUMBER | |
| Item number | 3651 |
| Classification number | 006.32 RAJ- N |
| 100 ## - MAIN ENTRY--AUTHOR NAME | |
| Personal name | RAJASEKARAN, S. AND VIJAYALAKHMI PAI, G.A. |
| 245 ## - TITLE STATEMENT | |
| Title | Neural Net Works, Fuzzy Logic, and Genetic Algorithms:synthesis and applications |
| 260 ## - PUBLICATION, DISTRIBUTION, ETC. (IMPRINT) | |
| Place of publication | New Delhi |
| Name of publisher | PHI, |
| Year of publication | 2004 |
| 300 ## - PHYSICAL DESCRIPTION | |
| Number of Pages | 435 |
| 650 ## - SUBJECT ADDED ENTRY--TOPICAL TERM | |
| Topical Term | Information Technology |
| 942 ## - ADDED ENTRY ELEMENTS (KOHA) | |
| Koha item type | Books |
| Lost status | Damaged status | Collection code | Home library | Current library | Shelving location | Date acquired | Full call number | Accession Number | Koha item type | Source of acquisition | Cost, normal purchase price |
|---|---|---|---|---|---|---|---|---|---|---|---|
| CS/IT | JRU Library | JRU Library | SHELF-52-C | 21/05/2016 | 006.32 | 3651 | Books | ||||
| CS/IT | JRU Library | JRU Library | SHELF-52-C | 21/05/2016 | 006.32 | 3652 | Books | ||||
| JRU Library | SHELF-5-D | 21/05/2016 | 006.32 | 3653 | Books | ||||||
| JRU Library | SHELF-52-C | 06/10/2018 | 006.32 3651 | 22430 | Books | Purchase | 325.00 | ||||
| CS/IT | JRU Library | SHELF-52-C | 06/10/2018 | 006.32 3651 | 22431 | Books | Purchase | 325.00 | |||
| CS/IT | JRU Library | SHELF-53-D | 06/10/2018 | 006.32 3651 | 22432 | Books | Purchase | 325.00 | |||
| CS/IT | JRU Library | JRU Library | SHELF-52-C | 06/10/2018 | 006.32 3651 | 22433 | Books | Purchase | 325.00 | ||
| Reference | JRU Library | SHELF-52-C | 06/10/2018 | 006.32 3651 | 22434 | Books | Purchase | 325.00 | |||
| JRU Library | SHELF-5-D | 06/10/2018 | 006.32 3651 | 22435 | Books | Purchase | 325.00 | ||||
| CS/IT | JRU Library | JRU Library | SHELF-52-C | 23/01/2023 | 006.32 | 27514 | Books | LOHIA BOOK INTERNATIONAL | 495.00 | ||
| CS/IT | JRU Library | JRU Library | SHELF-52-C | 23/01/2023 | 006.32 | 27515 | Books | LOHIA BOOK INTERNATIONAL | 495.00 | ||
| CS/IT | JRU Library | JRU Library | SHELF-52-C | 23/01/2023 | 006.32 | 27516 | Books | LOHIA BOOK INTERNATIONAL | 495.00 | ||
| CS/IT | JRU Library | JRU Library | SHELF-52-C | 23/01/2023 | 006.32 | 27517 | Books | LOHIA BOOK INTERNATIONAL | 495.00 | ||
| JRU Library | 23/01/2023 | 3651 006.32 | 27518 | Books | LOHIA BOOK INTERNATIONAL | 495.00 |